Cursos de formació, plans de promoció, jocs esportius escolars de Catalunya, activitats de lleure, suport i assessorament : curs 2000 / 2001 curs 2000 / 2001
Descripción Física:
92 p. ; 23 cm
Materias:
Esports
MARC
| LEADER | 00000nam a2200000Ia 4500 | ||
|---|---|---|---|
| 001 | 19283 | ||
| 008 | 160829s9999 xx 000 0 cat d | ||
| 080 | |a P-1-73 | ||
| 245 | |a Cursos de formació, plans de promoció, jocs esportius escolars de Catalunya, activitats de lleure, suport i assessorament : |b curs 2000 / 2001 | ||
| 260 | |a Sant Feliu de Llobregat : |b Consell Esportiu Baix Llobregat, [2000] | ||
| 300 | |a 92 p. ; |c 23 cm | ||
| 590 | |a A la coberta: Si vols fer esport, et donem un 'consell'..., truca'ns a l'Ajuntament. | ||
| 590 | |a Amb el suport del Servei d'Esports de la Diputació de Barcelona | ||
| 650 | |a Esports |9 34364 | ||
| 901 | |a Arxiu | ||
| 942 | |n 1 | ||
| 952 | |0 0 |1 0 |4 0 |6 P173 |7 1 |9 52739 |a Arxiu |b Arxiu |d 2016-12-01 |l 0 |o P-1-73 |p 19283 |r 2016-12-01 00:00:00 |w 2016-12-01 |y ARXIU | ||
| 999 | |c 56588 |d 56588 | ||